Every Song by a Flock of Seagulls - Statistics

General Stats
  • This quiz has been taken 7 times
  • The average score is 15 of 65
Answer Stats
Album Song % Correct
A Flock of Seagulls(1982) I Ran (So Far Away)
83%
Ascension(2018) Ascension
50%
A Flock of Seagulls(1982) Modern Love Is Automatic
50%
The Light at the End of the World(1995) The Light at the End of the World
50%
The Story of a Young Heart(1984) The Story of a Young Heart
50%
Listen(1983) Wishing (If I Had a Photograph of You)
50%
The Story of a Young Heart(1984) European (I Wish I Was)
33%
The Light at the End of the World(1995) Hearts on Fire
33%
Listen(1983) (It's Not Me) Talking
33%
A Flock of Seagulls(1982) Messages
33%
Listen(1983) Nightmares
33%
The Story of a Young Heart(1984) Remember David
33%
A Flock of Seagulls(1982) Space Age Love Song
33%
The Story of a Young Heart(1984) The More You Live, the More You Love
33%
Listen(1983) 2:30
17%
Dream Come True(1986) Better & Better
17%
The Light at the End of the World(1995) Burnin' Up
17%
Dream Come True(Bonus)(2011) (Cosmos) The Effect of the Sun
17%
Dream Come True(1986) Cry Like a Baby
17%
Listen(Bonus)(2010) Committed
17%
A Flock of Seagulls(1982) D.N.A.
17%
A Flock of Seagulls(1982) Don't Ask Me
17%
Listen(1983) Electrics
17%
Dream Come True(1986) Heartbeat Like a Drum
17%
The Story of a Young Heart(1984) Heart of Steel
17%
Dream Come True(1986) Hot Tonight
17%
Dream Come True(1986) How Could You Ever Leave Me
17%
A Flock of Seagulls(Bonus)(2011) Intro
17%
The Light at the End of the World(1995) Life Is Easy
17%
The Story of a Young Heart(2008) Living in Heaven
17%
The Story of a Young Heart(2008) Lost Control (Totally)
17%
Dream Come True(1986) Love on Your Knees
17%
String Theory(2021) Loves Overture
17%
The Light at the End of the World(1995) Magic
17%
A Flock of Seagulls(1982) Man Made
17%
The Story of a Young Heart(1984) Never Again (The Dancer)
17%
The Light at the End of the World(1995) Ordinary Man
17%
The Story of a Young Heart(1984) Over My Head
17%
Listen(1983) Over the Border
17%
A Flock of Seagulls(Bonus)(2011) Pick Me Up
17%
Listen(1983) Quicksand
17%
The Light at the End of the World(1995) Rainfall
17%
Listen(1983) Rosenmontag
17%
Dream Come True(1986) Say So Much
17%
The Light at the End of the World(1995) Say You Love Me
17%
The Light at the End of the World(1995) Setting Sun
17%
The Light at the End of the World(1995) Seven Seas
17%
A Flock of Seagulls(1982) Standing in the Doorway
17%
The Story of a Young Heart(1984) Suicide Day
17%
Listen(Bonus)(2010) Tanglimara
17%
A Flock of Seagulls(1982) Telecommunication
17%
The Story of a Young Heart(1984) The End
17%
Listen(1983) The Fall
17%
Listen(1983) The Last Flight of Yuri Gagarin
17%
Listen(1983) The Traveller
17%
A Flock of Seagulls(1982) Tokyo
17%
Listen(1983) Transfer Affection
17%
The Light at the End of the World(1995) Walking in the Garden
17%
Listen(1983) What Am I Supposed to Do
17%
String Theory(2021) What You Said, What You Meant
17%
Dream Come True(1986) Whole Lot of Loving
17%
Dream Come True(1986) Who's That Girl (She's Got It)
17%
A Flock of Seagulls(Bonus)(2011) Windows
17%
A Flock of Seagulls(1982) You Can Run
17%
The Light at the End of the World(1995) You're Mine
17%
No matching quizzes found
Score Distribution
Percent of People with Each Score
Percentile by Number Answered
Your Score History
You have not taken this quiz